00853nab a2200229uuc4500001000800000005001700008008004100025035001200066040001300078041000800091100006200099245008800161260001000249650002600259650004200285650002500327650003300352650002900385700003900414700003700453773013300490134667020240904093325.0131011e20130613 spa  a1346670 ccomduadb aspa10aRoncallo-Dow, Sergio4aut0(viaf)8151533712702771939eaut13aLa investigación en comunicación : los límites y limitantes del conocimiento c2013. 7aComunicación2embne 7aComunicaciónxInvestigaciones2lemb 7aCienciometria2embne aComunicacion - Epistemologia 7aRevistas científicas210aUribe Jongbloed, Enrique4auteaut10aCalderon Reyes, Isabel4auteaut0 tCo-herencia : Revista de Humanidades (Medellín)gVolumen 10, Número 18, Enero-Junio 2013, 161-187w911085x1794-58870338993